Random Filipino to English Words #2 - Statistics

General Stats
  • This quiz has been taken 64 times
    60 since last reset
  • The average score is 12 of 15
Answer Stats
Filipino English % Correct
Sapatos Shoe
100%
Bisikleta Bike | Bicycle
96%
Yelo Ice
94%
Kandila Candle
92%
Baka Cow
88%
Para For
86%
Gusto Like
82%
Sunod Next
82%
Pangulo President
82%
Panganib Risk | Danger
82%
Matalim Sharp
82%
Karera Race
78%
Paliguan Bathroom
62%
Hampasin Spank | Beat | Hit
60%
Sulong Forward
46%
No matching quizzes found
Score Distribution
Percent of People with Each Score
Percentile by Number Answered
Your Score History
You have not taken this quiz since the last reset